000 00598nam a2200205Ia 4500
003 OSt
005 20220925174229.0
006 a|||||r|||| 00| 0
007 ta
008 220923b |||||||| |||| 00| 0 eng d
037 _cGeneral Book
040 _aRTL
_cRTL
_beng
041 _2eng
_aeng
082 _aY31.2.N59 - N58t4, J9
245 0 _aNational sample survey
_b List of sample villages rural.
260 _aCalcutta
_bIndian statistical institute
_c1959
300 _a155p.
_ccm.
942 _hY31.2.N59 - N58t4, J9
_cGB
_2CC
999 _c490343
_d490343